Statistics for Indian Cities Map Quiz

Click here to take the quiz!

General Stats

  • This quiz has been taken 748 times
  • The average score is 10 of 15

Answers on the Map

Answers color-coded by a green-red scale on the quiz's map according to % correct below.
 

Answer Stats

Answer% Correct
Kolkata
88%
Delhi
87%
Mumbai
86%
Chennai
81%
Hyderabad
78%
Bangalore
76%
Ahmedabad
68%
Amritsar
62%
Agra
61%
Pune
61%
Lucknow
60%
Patna
57%
Jaipur
56%
Surat
56%
Nagpur
52%

Score Distribution

Percentile by Number Answered

Percent of People with Each Score

Your Score History

You have not taken this quiz